00938cam a2200241 a 450000100100000000500170001000800410002702000150006804000230008304100380010604300090014405000160015308200180016910000290018724501400021626000440035630000200040065000690042070000370048991000340052695201210056099900150068100000315420200929150339.0830216s1985 mx b 001 0 spa  a9684092814 aDO-SdBNPcDLCdDLC17aspaheng2Código de idioma MARC an-mx00aPS225b.K48 a810.954bK47l1 aKiernan, Robert F.9995310aLiteratura estadounidense contemporánea :bestudio crítico a partir de 1945 /cRobert F. Kiernan ; traductor, Aurora Merino Villar. aMéxico :bAsociados Mexicanos,c1985. a190 p. ;c19cm. 4aLiteratura estadounidensexHistoria y críticaySIGLO XIX999541 aMerino Villar, Auroraetr.99955 aCatalogación por copia / LC 001052708MOaGRbGRcCTd2009-07-06iLF1l0o810.954 K47lp3154-10r2020-06-25w2020-06-25y2ZPréstamo interno c2985d2985